[Event "FB22 2324 SV Medizin Erfurt - Delmenhors"]
[Site "?"]
[Date "2024.01.20"]
[Round "4.5"]
[White "Wenke, Andrea"]
[Black "Troyke, Doreen"]
[Result "0-1"]
[WhiteElo "1654"]
[BlackElo "1970"]
[PlyCount "128"]
[EventDate "2024.??.??"]

1. e4 c5 2. Nf3 Nc6 3. d4 cxd4 4. Nxd4 e5 5. Nxc6 bxc6 6. Nc3 Nf6 7. Bd3 Bb4 8. Bd2 O-O 9. a3 Be7 10. h3 d5 11. O-O Be6 12. b4 Qd6 13. Qe2 Rfd8 14. f4 d4 15. fxe5 Qxe5 16. Bf4 Qh5 17. Qxh5 Nxh5 18. Ne2 a5 19. Bc7 Rdc8 20. Bxa5 c5 21. e5 g6 22. Bb6 cxb4 23. axb4 Rxa1 24. Rxa1 Bxb4 25. Bxd4 Ng7 26. g4 h5 27. gxh5 Nxh5 28. Kg2 Bd2 29. h4 Bg4 30. Kf2 Be6 31. Ra4 Ng7 32. c4 Nf5 33. Bxf5 Bxf5 34. c5 Be6 35. Kf3 Bd5+ 36. Kg4 Be6+ 37. Kg3 Be1+ 38. Kf3 Bxh4 39. Nf4 Bd7 40. Ra6 Bc6+ 41. Kg4 g5 42. Ng2 Bxg2 43. e6 fxe6 44. Rxe6 Kf7 45. Rd6 Rc7 46. Be3 Ke7 47. Rg6 Kf7 48. Rd6 Kg7 49. Bd4+ Kf7 50. Be3 Re7 51. Bxg5 Bxg5 52. Kxg5 Re5+ 53. Kf4 Rxc5 54. Rd4 Bh3 55. Ke3 Kf6 56. Rf4+ Bf5 57. Kd4 Rc1 58. Rf2 Rd1+ 59. Ke3 Ke5 60. Rd2 Rh1 61. Rf2 Be4 62. Kd2 Kd4 63. Ke2 Ra1 64. Rf4 Ra2+ 0-1

[Event "FB22 2324 SV Medizin Erfurt - Delmenhors"]
[Site "?"]
[Date "2024.01.20"]
[Round "4.6"]
[White "Ulrich, Helena Irene"]
[Black "Schlueter, Ulrike"]
[Result "1/2-1/2"]
[WhiteElo "1763"]
[BlackElo "1416"]
[PlyCount "57"]
[EventDate "2024.??.??"]

1. e4 e5 2. Nf3 Nf6 3. Nxe5 d6 4. Nf3 Nxe4 5. Nc3 Nf6 6. d4 d5 7. Bd3 Bg4 8. O-O Nc6 9. Re1+ Be7 10. Bb5 O-O 11. Bxc6 bxc6 12. Qd3 Bxf3 13. Qxf3 Re8 14. Bf4 Qd7 15. Re2 Bd6 16. Rae1 Rxe2 17. Rxe2 Re8 18. Bxd6 Qxd6 19. Rxe8+ Nxe8 20. Qe3 Qe6 21. Qxe6 fxe6 22. Kf1 Kf7 23. Ke2 Ke7 24. Na4 Nf6 25. Nc5 Kd6 26. Nb7+ Kd7 27. Nc5+ Kd6 28. Nb7+ Kd7 29. Nc5+ 1/2-1/2

[Event "FB22 2324 Lübecker SV - SV Sterkrade-No"]
[Site "?"]
[Date "2024.01.21"]
[Round "5.1"]
[White "Kuckling, Hannah"]
[Black "Sickmann, Lisa"]
[Result "1-0"]
[WhiteElo "2070"]
[BlackElo "1961"]
[PlyCount "145"]
[EventDate "2024.??.??"]

1. e4 e5 2. Nf3 Nc6 3. Bb5 a6 4. Ba4 Nf6 5. d3 b5 6. Bb3 Be7 7. O-O O-O 8. Re1 Bb7 9. Nbd2 h6 10. Nf1 Re8 11. Ne3 Bf8 12. c3 Na5 13. Bc2 d5 14. exd5 Nxd5 15. Ng4 f6 16. d4 h5 17. Ne3 Nxe3 18. Bxe3 e4 19. Nh4 Qd5 20. b3 Rad8 21. a4 b4 22. c4 Qf7 23. Nf5 g6 24. Ng3 Bg7 25. Qd2 Qf8 26. Rad1 f5 27. Ne2 Nc6 28. Qc1 Qf7 29. d5 Ne5 30. Nd4 Bc8 31. h3 Bd7 32. Bf4 c5 33. dxc6 Nxc6 34. Nxc6 Bxc6 35. Bg5 Rd4 36. Rxd4 Bxd4 37. Rd1 Qg7 38. Qd2 Bc5 39. Be3 Be7 40. Bd4 Qf7 41. Qf4 Rd8 42. Qe5 Kf8 43. Qa5 Bb7 44. Qb6 Bc8 45. c5 Qe6 46. Qxb4 Bf6 47. Qc3 Kf7 48. b4 Bxd4 49. Rxd4 Qf6 50. Rc4 Be6 51. Qxf6+ Kxf6 52. Rc3 Rb8 53. Bb3 Rxb4 54. Bxe6 Kxe6 55. c6 Rb8 56. c7 Rc8 57. Rc6+ Kd7 58. Rxa6 Rxc7 59. Rxg6 Rc1+ 60. Kh2 Ra1 61. Rf6 Rxa4 62. Rxf5 h4 63. Rh5 e3 64. fxe3 Re4 65. Kg1 Rxe3 66. Rxh4 Ke6 67. Rf4 Ke5 68. Rf8 Ra3 69. Kh2 Ra4 70. Kg3 Rb4 71. h4 Rb1 72. Kg4 Rh1 73. Kg5 1-0

[Event "FB22 2324 Lübecker SV - SV Sterkrade-No"]
[Site "?"]
[Date "2024.01.21"]
[Round "5.3"]
[White "Bork, Sophie"]
[Black "Mundt, Alexandra"]
[Result "0-1"]
[WhiteElo "1813"]
[BlackElo "1785"]
[PlyCount "90"]
[EventDate "2024.??.??"]

1. e4 g6 2. d4 Bg7 3. Nc3 c5 4. dxc5 Bxc3+ 5. bxc3 Qa5 6. Bb2 Nc6 7. Nf3 Nf6 8. Bd3 Qxc5 9. O-O d6 10. Nd4 Bg4 11. Qd2 O-O 12. Kh1 Ne5 13. f3 Bd7 14. Qe1 Rac8 15. Rb1 Nh5 16. f4 Ng4 17. f5 Nhf6 18. h3 Ne5 19. Qf2 b6 20. Nb3 Qc6 21. Rbe1 Qa4 22. c4 Nxc4 23. Bxc4 Qxc4 24. Bxf6 exf6 25. Qg3 Qb4 26. fxg6 fxg6 27. Rd1 Rxc2 28. Rxd6 Rc3 29. Qh2 Bb5 30. Rfxf6 Rxf6 31. Rxf6 Qxe4 32. Qb8+ Be8 33. Kh2 Rc2 34. Qg3 Rxa2 35. Nc1 Rxg2+ 36. Qxg2 Qe5+ 37. Kg1 Qxf6 38. Ne2 Bc6 39. Qg3 Qf3 40. Qb8+ Kg7 41. Qe5+ Kh6 42. Nf4 Bb7 43. Qf6 Qg3+ 44. Kf1 Ba6+ 45. Ne2 Qe3 0-1

[Event "FB22 2324 Lübecker SV - SV Sterkrade-No"]
[Site "?"]
[Date "2024.01.21"]
[Round "5.4"]
[White "Malinowsky, Celina"]
[Black "Hiebsch, Catalina"]
[Result "1-0"]
[WhiteElo "1534"]
[BlackElo "1830"]
[PlyCount "83"]
[EventDate "2024.??.??"]

1. e4 c5 2. Nc3 g6 3. Bc4 Nc6 4. d3 Bg7 5. f4 Na5 6. Bb3 Nxb3 7. axb3 d6 8. Nf3 Nf6 9. O-O O-O 10. Qe1 h6 11. Qh4 d5 12. exd5 Nxd5 13. Nxd5 Qxd5 14. Qxe7 Be6 15. Qh4 f5 16. Qg3 Kh7 17. Ne5 Rf6 18. Qf3 a6 19. Re1 Qxf3 20. Nxf3 Bd5 21. Kf2 Re6 22. Rxe6 Bxe6 23. Rb1 Re8 24. Bd2 Bd5 25. Bc3 Bf8 26. Ne5 Bd6 27. Nd7 Re6 28. Nf6+ Rxf6 29. Bxf6 Bxf4 30. g3 Bc7 31. Re1 Bb6 32. Re7+ Kg8 33. Kf1 g5 34. Bc3 f4 35. gxf4 gxf4 36. Rg7+ Kf8 37. Rh7 f3 38. Rxh6 Bc7 39. Kf2 Ke7 40. Rh7+ Kd8 41. Bf6+ Kc8 42. h4 1-0

[Event "FB22 2324 Lübecker SV - SV Sterkrade-No"]
[Site "?"]
[Date "2024.01.21"]
[Round "5.5"]
[White "Bergen, Katja"]
[Black "Malinowsky, Yvonne"]
[Result "0-1"]
[WhiteElo "1589"]
[BlackElo "1158"]
[PlyCount "46"]
[EventDate "2024.??.??"]

1. e4 e5 2. Nf3 Nc6 3. Bc4 Bc5 4. c3 d6 5. d4 exd4 6. Nxd4 Nf6 7. Bg5 O-O 8. O-O Bg4 9. f3 Bh5 10. Kh1 h6 11. Bxf6 Qxf6 12. Nxc6 bxc6 13. Nd2 Rad8 14. Nb3 Bb6 15. Be2 d5 16. Qc2 d4 17. c4 c5 18. Nc1 c6 19. Nd3 Bc7 20. f4 Qh4 21. g3 Qh3 22. Nf2 d3 23. Bxd3 Bf3+ 0-1

[Event "FB22 2324 Hamburger SK II - SV Mülheim-"]
[Site "?"]
[Date "2024.01.21"]
[Round "5.4"]
[White "Wartenberg, Alissa"]
[Black "Stoer, Agnes"]
[Result "0-1"]
[WhiteElo "1721"]
[BlackElo "1856"]
[PlyCount "90"]
[EventDate "2024.??.??"]

1. e4 e5 2. Nf3 Nc6 3. Bb5 d6 4. d4 Bd7 5. Nc3 Nf6 6. Bg5 h6 7. Bxf6 gxf6 8. d5 Ne7 9. Bxd7+ Qxd7 10. Qd3 Rg8 11. g3 f5 12. O-O-O O-O-O 13. Rhe1 h5 14. Qc4 Bh6+ 15. Kb1 f4 16. Rd3 a6 17. a4 fxg3 18. fxg3 Rg4 19. Ka2 f5 20. h3 Rg7 21. Ra1 fxe4 22. Nxe4 Qxh3 23. Rc3 Nf5 24. Nfg5 Bxg5 25. Nxg5 Qg4 26. Qxg4 hxg4 27. Ne6 Rh7 28. Nxd8 Kxd8 29. Rf1 Ne7 30. Rf8+ Kd7 31. Rd3 c6 32. dxc6+ Nxc6 33. Rf6 Nb4+ 34. Kb3 Nxd3 35. cxd3 Rh3 36. Rf7+ Kc6 37. Kc4 Rxg3 38. b4 b5+ 39. axb5+ axb5+ 40. Kc3 e4 41. Rf4 exd3 42. Rd4 Rg1 43. Rxd3 g3 44. Kd2 g2 45. Rg3 Ra1 0-1

[Event "FB22 2324 Hamburger SK II - SV Mülheim-"]
[Site "?"]
[Date "2024.01.21"]
[Round "5.5"]
[White "Hausrath, Michaela"]
[Black "Kotyk, Valeriya"]
[Result "0-1"]
[WhiteElo "1733"]
[BlackElo "1760"]
[PlyCount "86"]
[EventDate "2024.??.??"]

1. d4 Nf6 2. c4 c5 3. d5 b5 4. cxb5 a6 5. b6 Qxb6 6. Nc3 d6 7. e4 g6 8. Nf3 Nbd7 9. Be2 Bg7 10. O-O O-O 11. a4 Qb4 12. Nd2 Ne5 13. a5 Bd7 14. Qb3 Rfb8 15. Ra3 Ne8 16. Qc2 Nc7 17. Na2 Qb7 18. Nc4 Nxc4 19. Bxc4 Nb5 20. Rb3 Qc7 21. Qd2 Qa7 22. Nc3 Nxc3 23. Rxb8+ Rxb8 24. bxc3 Bb5 25. Qd3 Qc7 26. Bg5 h6 27. Bd2 Bxc4 28. Qxc4 Qxa5 29. h3 Rb2 30. Qd3 Qa2 31. Be3 c4 32. Qd1 Bxc3 33. Bxh6 Qb3 34. Qg4 Qb7 35. Bf4 Rb1 36. Rxb1 Qxb1+ 37. Kh2 Qxe4 38. Qc8+ Kg7 39. Bg3 Qxd5 40. Qxa6 Be5 41. Qa2 Bxg3+ 42. fxg3 Qd4 43. Qe2 e6 0-1

[Event "FB22 2324 Hamburger SK II - SV Mülheim-"]
[Site "?"]
[Date "2024.01.21"]
[Round "5.6"]
[White "Stappenbeck, Nina"]
[Black "Neumann, Helena"]
[Result "0-1"]
[WhiteElo "1587"]
[BlackElo "1613"]
[PlyCount "112"]
[EventDate "2024.??.??"]

1. e4 c6 2. d4 d5 3. e5 Bf5 4. h4 h5 5. Bd3 Bxd3 6. Qxd3 e6 7. Bg5 Be7 8. Nf3 Nh6 9. Nc3 Nf5 10. Qd2 c5 11. dxc5 Bxg5 12. Nxg5 Qc7 13. O-O-O Qxc5 14. Nce4 Qc7 15. Nc3 O-O 16. Qf4 Nd7 17. Rhe1 Rac8 18. Rd2 d4 19. Nb1 Nc5 20. Qf3 g6 21. Nh3 Nxh4 22. Qg3 Nf5 23. Qf3 d3 24. Na3 dxc2 25. Nxc2 Qa5 26. a3 Qa4 27. Kb1 Nh4 28. Qf4 Qxf4 29. Nxf4 Rfd8 30. Red1 Rxd2 31. Rxd2 Kf8 32. Rd4 Nf5 33. Rc4 Rc7 34. Nd3 Na6 35. Rxc7 Nxc7 36. Nc5 b6 37. Nd7+ Ke7 38. Nb8 a5 39. g3 g5 40. Kc1 h4 41. gxh4 gxh4 42. Nc6+ Kd7 43. N6d4 Nxd4 44. Nxd4 h3 45. Nf3 Kc6 46. Kd2 Kd5 47. Ke3 Nb5 48. Kf4 Nd4 49. Nh2 Ne2+ 50. Ke3 Nd4 51. f4 Kc4 52. Ke4 Nf5 53. Nf1 Kb3 54. Kd3 Kxb2 55. Kc4 Kxa3 56. Kb5 Ne3 0-1

[Event "FB22 2324 Delmenhorster SK - SV Hemer 19"]
[Site "?"]
[Date "2024.01.21"]
[Round "5.1"]
[White "Voicu-Jagodzinsky, Carmen"]
[Black "Kickert, Germaine Helene"]
[Result "1-0"]
[WhiteElo "2209"]
[BlackElo "1939"]
[PlyCount "57"]
[EventDate "2024.??.??"]

1. e4 e6 2. d3 d5 3. Nd2 Nf6 4. Ngf3 c5 5. g3 Nc6 6. Bg2 Be7 7. O-O Qc7 8. Re1 O-O 9. Nf1 b5 10. e5 Nd7 11. Bf4 Bb7 12. h4 Rfe8 13. Ne3 Qb6 14. h5 f6 15. exf6 Bxf6 16. Rb1 Nce5 17. Nxe5 Bxe5 18. Bxe5 Nxe5 19. h6 d4 20. Ng4 Bxg2 21. Kxg2 Qb7+ 22. Re4 Nxg4 23. Qxg4 e5 24. Rbe1 Re7 25. Kg1 Rae8 26. f4 exf4 27. Qxg7+ Rxg7 28. Rxe8+ Kf7 29. hxg7 1-0

[Event "FB22 2324 Delmenhorster SK - SV Hemer 19"]
[Site "?"]
[Date "2024.01.21"]
[Round "5.2"]
[White "Moeller, Hannah"]
[Black "Cosma, Elena-Luminita"]
[Result "0-1"]
[WhiteElo "1747"]
[BlackElo "2236"]
[PlyCount "96"]
[EventDate "2024.??.??"]

1. Nf3 d5 2. g3 Nf6 3. Bg2 c5 4. O-O Nc6 5. d4 e6 6. c4 dxc4 7. Qa4 Bd7 8. Qxc4 b5 9. Qd3 c4 10. Qd1 Rc8 11. Bf4 Nd5 12. Bd2 Nb6 13. Nc3 a6 14. Bf4 Be7 15. d5 exd5 16. Nxd5 Nxd5 17. Qxd5 O-O 18. Rfd1 Be6 19. Qxd8 Rfxd8 20. Bg5 f6 21. Be3 Kf7 22. Bb6 Rxd1+ 23. Rxd1 Ke8 24. Nd4 Nxd4 25. Rxd4 c3 26. bxc3 Rxc3 27. Bb7 Ra3 28. Rd2 Bxa2 29. Bc6+ Kf8 30. Rb2 Be6 31. Kg2 b4 32. Be3 a5 33. Bd2 Ra2 34. Rxa2 Bxa2 35. Be4 a4 36. Bxh7 b3 37. Bc3 a3 38. f4 b2 39. Kf3 Bc5 40. e3 b1=Q 41. Bxb1 Bxb1 42. e4 Kf7 43. h4 Bc2 44. g4 Bd1+ 45. Kg3 Be3 46. Bb4 Bc1 47. g5 Bb2 48. Bxa3 Bxa3 0-1

[Event "FB22 2324 Delmenhorster SK - SV Hemer 19"]
[Site "?"]
[Date "2024.01.21"]
[Round "5.3"]
[White "Trunz, Michelle"]
[Black "Wollscheid, Stefanie"]
[Result "1/2-1/2"]
[WhiteElo "2023"]
[BlackElo "1644"]
[PlyCount "93"]
[EventDate "2024.??.??"]

1. d4 d5 2. c4 e6 3. Nc3 Nf6 4. Bg5 Be7 5. e3 O-O 6. Nf3 Nbd7 7. Bd3 dxc4 8. Bxc4 b6 9. O-O Bb7 10. Qe2 Ne4 11. Nxe4 Bxe4 12. Bxe7 Qxe7 13. Rac1 c5 14. Rfd1 cxd4 15. exd4 Bxf3 16. Qxf3 Nf6 17. Ba6 Nd5 18. Re1 Qb4 19. b3 Qxd4 20. Rc4 Qb2 21. Rh4 Qf6 22. Qe4 g6 23. Rh3 Rad8 24. Rf3 Qg7 25. h4 Nf6 26. Qc6 Rd5 27. Bc4 Rh5 28. g3 g5 29. hxg5 Qxg5 30. Rf4 Rh6 31. Qf3 Kh8 32. Rd1 Rg8 33. Be2 Qg6 34. Qc3 Qg7 35. Bf3 Rg6 36. Bg2 Nh5 37. Qxg7+ Kxg7 38. Ra4 a5 39. Rd6 Rb8 40. Rh4 Nf6 41. Rc4 Rg5 42. Rcc6 b5 43. Ra6 b4 44. Ra7 Rc8 45. Bh3 Kg6 46. Bf1 Rc1 47. Kg2 1/2-1/2

[Event "FB22 2324 Delmenhorster SK - SV Hemer 19"]
[Site "?"]
[Date "2024.01.21"]
[Round "5.4"]
[White "Silber, Stefanie"]
[Black "Trunz, Elena"]
[Result "1-0"]
[WhiteElo "1581"]
[BlackElo "2146"]
[PlyCount "81"]
[EventDate "2024.??.??"]

1. c4 e5 2. Nc3 Nc6 3. e3 Bb4 4. Qc2 d6 5. a3 Bxc3 6. Qxc3 f5 7. Nf3 Nf6 8. b4 O-O 9. Bb2 Qe8 10. d3 f4 11. e4 Nd8 12. Nd2 a5 13. Be2 axb4 14. axb4 Rxa1+ 15. Bxa1 Qg6 16. Rg1 b6 17. c5 bxc5 18. bxc5 Nf7 19. Nc4 Nd7 20. cxd6 cxd6 21. Bb2 Ba6 22. Bd1 Rc8 23. Qb4 Bxc4 24. Qb7 Rb8 25. Qxd7 Bxd3 26. f3 Qf6 27. Ba3 Rd8 28. Qc7 Qh4+ 29. g3 fxg3 30. hxg3 Qh2 31. Qa7 Bc4 32. Qf2 Qh6 33. Qd2 Qg6 34. Kf2 d5 35. exd5 Rxd5 36. Qc3 Qc6 37. Re1 Rd3 38. Qb4 Qc8 39. Be2 Nd6 40. Bxd3 Bxd3 41. Qxd6 1-0

[Event "FB22 2324 Delmenhorster SK - SV Hemer 19"]
[Site "?"]
[Date "2024.01.21"]
[Round "5.6"]
[White "Schlueter, Ulrike"]
[Black "Trunz, Tamila"]
[Result "0-1"]
[WhiteElo "1416"]
[BlackElo "1766"]
[PlyCount "58"]
[EventDate "2024.??.??"]

1. d4 Nf6 2. c4 e6 3. Nc3 Bb4 4. Qc2 b6 5. a3 Bxc3+ 6. Qxc3 Ne4 7. Qc2 Bb7 8. Nf3 d6 9. e3 Nd7 10. Bd3 f5 11. b4 O-O 12. Bb2 Qe7 13. Ke2 c5 14. h4 cxd4 15. Nxd4 Rac8 16. Rac1 d5 17. Qb1 e5 18. Nf3 Nd6 19. Nd2 e4 20. Bc2 dxc4 21. Bd1 Ne5 22. Ba1 Nd3 23. Rc2 Kh8 24. a4 f4 25. Nf1 fxe3 26. Kxe3 Nf5+ 27. Kd2 Qd6 28. Ke2 Nf4+ 29. Ke1 Nxg2+ 0-1

[Event "FB22 2324 SK Lehrte - SV Medizin Erfurt"]
[Site "?"]
[Date "2024.01.21"]
[Round "5.3"]
[White "Mueller-Ludwig, Kristin"]
[Black "Michalek, Barbara"]
[Result "1-0"]
[WhiteElo "2014"]
[BlackElo "1852"]
[PlyCount "105"]
[EventDate "2024.??.??"]

1. e4 c5 2. Nf3 e6 3. d4 cxd4 4. Nxd4 a6 5. c4 Qc7 6. Nc3 Nf6 7. Be3 Nc6 8. f3 Be7 9. Be2 O-O 10. O-O d6 11. Qd2 Ne5 12. b3 Bd7 13. Rfc1 Rac8 14. Bf1 Qd8 15. a3 Re8 16. Kh1 h6 17. Bg1 Bf8 18. f4 Nc6 19. Nf3 Na5 20. Qa2 Qe7 21. b4 Nc6 22. Qf2 Red8 23. Rab1 Be8 24. Qe2 Nd7 25. Na4 Qf6 26. Qd2 Ncb8 27. Nb6 Rc7 28. Bf2 Qg6 29. Bd3 e5 30. f5 Qh7 31. Bh4 f6 32. Bf2 Bf7 33. Rc2 Re8 34. a4 g5 35. a5 h5 36. Ng1 g4 37. Be3 Nxb6 38. Bxb6 Rcc8 39. Be3 Red8 40. Ne2 Be8 41. Nc3 Qg7 42. Nd5 Nd7 43. Be2 Bf7 44. Rd1 h4 45. Nb6 Nxb6 46. Bxb6 Re8 47. Rdc1 Qh6 48. Be3 Qg7 49. Kg1 g3 50. hxg3 hxg3 51. Qe1 Re7 52. Bb6 Rc6 53. Rc3 1-0

[Event "FB22 2324 SK Lehrte - SV Medizin Erfurt"]
[Site "?"]
[Date "2024.01.21"]
[Round "5.4"]
[White "Grabowski, Petra"]
[Black "Anisheva, Varvara"]
[Result "1/2-1/2"]
[WhiteElo "1600"]
[BlackElo "2071"]
[PlyCount "44"]
[EventDate "2024.??.??"]

1. d4 Nf6 2. c4 g6 3. Nc3 Bg7 4. e4 d6 5. f3 O-O 6. Be3 e5 7. Nge2 exd4 8. Nxd4 Nc6 9. Qd2 Qe7 10. Nxc6 bxc6 11. Be2 Bb7 12. O-O Rfe8 13. Bh6 d5 14. Bxg7 Kxg7 15. cxd5 cxd5 16. exd5 Qc5+ 17. Kh1 Nxd5 18. Nxd5 Qxd5 19. Qc3+ Qe5 20. Qxe5+ Rxe5 21. Bc4 Bd5 22. Bxd5 Rxd5 1/2-1/2

[Event "FB22 2324 SK Lehrte - SV Medizin Erfurt"]
[Site "?"]
[Date "2024.01.21"]
[Round "5.5"]
[White "Troyke, Doreen"]
[Black "Wolterink, Jule"]
[Result "1-0"]
[WhiteElo "1970"]
[BlackElo "1474"]
[PlyCount "75"]
[EventDate "2024.??.??"]

1. g3 e6 2. Bg2 c5 3. c4 Nf6 4. Nf3 Be7 5. O-O O-O 6. Nc3 Nc6 7. d4 cxd4 8. Nxd4 Bc5 9. Nxc6 bxc6 10. Qc2 d5 11. Bg5 Be7 12. Rfd1 Ba6 13. b3 Qc7 14. Rac1 Ba3 15. Rb1 Nd7 16. b4 Bxc4 17. Qa4 Qe5 18. Bd2 Bxb4 19. Qxb4 c5 20. Qa5 a6 21. Rb7 Qd6 22. Rdb1 Rfb8 23. Qa4 Rxb7 24. Rxb7 Nb6 25. Qa5 Nd7 26. Qc7 Qxc7 27. Rxc7 Ne5 28. Rxc5 Rb8 29. h3 Kf8 30. Bf4 f6 31. e4 Rb2 32. Bxe5 fxe5 33. exd5 exd5 34. Bxd5 Bxd5 35. Rxd5 Rc2 36. Rc5 Rc1+ 37. Kg2 e4 38. Nxe4 1-0

[Event "FB22 2324 SK Lehrte - SV Medizin Erfurt"]
[Site "?"]
[Date "2024.01.21"]
[Round "5.6"]
[White "Flauss, Jessica"]
[Black "Ulrich, Helena Irene"]
[Result "1/2-1/2"]
[WhiteElo "1609"]
[BlackElo "1763"]
[PlyCount "43"]
[EventDate "2024.??.??"]

1. e4 c5 2. Nf3 Nc6 3. d4 cxd4 4. Nxd4 Nf6 5. Nc3 e5 6. Nxc6 bxc6 7. a3 Bc5 8. Bc4 O-O 9. O-O h6 10. Qf3 Qe7 11. Re1 Bb6 12. b4 a5 13. Rb1 axb4 14. axb4 Ba6 15. Bxa6 Rxa6 16. b5 cxb5 17. Nxb5 Rc8 18. Re2 Nh7 19. Qg3 Kh8 20. Nc3 Nf6 21. Qh3 Rc6 22. Kh1 1/2-1/2

[Event "FB22 2324 SK Lehrte - SV Sterkrade-Nord"]
[Site "?"]
[Date "2024.03.23"]
[Round "6.1"]
[White "Kuckling, Hannah"]
[Black "Manusina, Nicole"]
[Result "1-0"]
[WhiteElo "2082"]
[BlackElo "2027"]
[PlyCount "103"]
[EventDate "2024.??.??"]

1. e4 c5 2. Nc3 Nc6 3. Bb5 Nd4 4. Bc4 e6 5. Nge2 g6 6. d3 a6 7. Nxd4 cxd4 8. Ne2 Bg7 9. O-O Ne7 10. Bg5 h6 11. Bh4 g5 12. Bg3 d5 13. Bb3 O-O 14. f4 dxe4 15. dxe4 Nc6 16. Qd2 e5 17. fxe5 Nxe5 18. Bxe5 Bxe5 19. Rxf7 Rxf7 20. Rf1 d3 21. Bxf7+ Kg7 22. cxd3 Qd6 23. h3 Bd7 24. Bb3 Bb5 25. Bd5 Rf8 26. Rxf8 Qxf8 27. Bxb7 Qb8 28. Bd5 Qb6+ 29. Kh1 Qf2 30. Qb4 Qf1+ 31. Ng1 Qf4 32. Qe7+ Kg6 33. Qe6+ Kh5 34. Qf7+ Kh4 35. Nf3+ Kg3 36. Qxf4+ Bxf4 37. Bc4 Bd7 38. Bxa6 h5 39. d4 Bxh3 40. gxh3 Kxf3 41. e5 Ke4 42. e6 Bd6 43. Kg2 Kxd4 44. Kf3 Be7 45. Bc8 Bd6 46. a4 Kc5 47. a5 Kb5 48. a6 Kb6 49. Ke4 g4 50. hxg4 hxg4 51. Kf5 g3 52. Bb7 1-0

[Event "FB22 2324 SK Lehrte - SV Sterkrade-Nord"]
[Site "?"]
[Date "2024.03.23"]
[Round "6.4"]
[White "Michalek, Barbara"]
[Black "Walker, Julia"]
[Result "0-1"]
[WhiteElo "1905"]
[BlackElo "1848"]
[PlyCount "80"]
[EventDate "2024.??.??"]

1. d4 d5 2. c4 e6 3. Nc3 c5 4. e3 Nf6 5. Nf3 Nc6 6. Be2 cxd4 7. exd4 dxc4 8. Bxc4 Be7 9. O-O Nb4 10. Qe2 O-O 11. Rd1 Nbd5 12. Bd2 a6 13. a4 Qd6 14. Ne5 Bd7 15. Bxd5 Nxd5 16. Ne4 Qc7 17. Rdc1 Qd8 18. Nc5 Bxc5 19. dxc5 Bc6 20. Rc4 Ne7 21. Rg4 Bd5 22. Bc3 Ng6 23. Nxg6 hxg6 24. h4 b6 25. cxb6 Qxb6 26. h5 g5 27. Rxg5 f6 28. Rg6 Kf7 29. Qg4 Rg8 30. h6 gxh6 31. Rxf6+ Ke7 32. Rg6 Rgf8 33. Bb4+ Kd7 34. Rg7+ Ke8 35. Bxf8 Qxb2 36. Qh5+ Kd8 37. Be7+ Kc8 38. Qe8+ Kb7 39. Bc5+ Qxg7 40. Rb1+ Kc7 0-1

[Event "FB22 2324 SK Lehrte - SV Sterkrade-Nord"]
[Site "?"]
[Date "2024.03.23"]
[Round "6.5"]
[White "Hiebsch, Catalina"]
[Black "Lossin, Charlotte"]
[Result "0-1"]
[WhiteElo "1880"]
[BlackElo "1687"]
[PlyCount "68"]
[EventDate "2024.??.??"]

1. e4 e6 2. d4 d5 3. exd5 exd5 4. Bd3 Bd6 5. Nf3 Nf6 6. h3 Be6 7. O-O O-O 8. Nbd2 Nbd7 9. Ng5 Re8 10. Ndf3 c5 11. Nxe6 fxe6 12. c3 e5 13. dxc5 Nxc5 14. Bc2 Ne6 15. Bb3 e4 16. Nd4 Nxd4 17. Qxd4 Bc7 18. Bg5 Qd6 19. g3 Bb6 20. Bf4 Qd7 21. Qd2 Qxh3 22. Bd1 Rad8 23. Be2 Ng4 24. Bxg4 Qxg4 25. Qd1 Qh3 26. a4 e3 27. Qf3 exf2+ 28. Rxf2 Bxf2+ 29. Qxf2 a6 30. Rd1 Qg4 31. Rd2 Re4 32. Kg2 Rde8 33. Qc5 Rxf4 34. Qxd5+ Kh8 0-1

[Event "FB22 2324 SK Lehrte - SV Sterkrade-Nord"]
[Site "?"]
[Date "2024.03.23"]
[Round "6.6"]
[White "Dismer, Claudia"]
[Black "Bergen, Katja"]
[Result "0-1"]
[WhiteElo "1683"]
[BlackElo "1745"]
[PlyCount "94"]
[EventDate "2024.??.??"]

1. e4 e5 2. f4 d5 3. exd5 Qxd5 4. Nc3 Qd6 5. fxe5 Qxe5+ 6. Qe2 Qxe2+ 7. Bxe2 Bf5 8. d3 Nc6 9. a3 Nd4 10. Kd1 O-O-O 11. Nf3 Nxe2 12. Nxe2 Bd6 13. h3 Ne7 14. g4 Be6 15. Bf4 Bc5 16. Rf1 Nd5 17. Bd2 Ne3+ 18. Bxe3 Bxe3 19. Nc3 h5 20. Ke2 Bf4 21. Nh4 g5 22. Nf5 hxg4 23. hxg4 Rde8 24. Ne4 Bd5 25. Rh1 Rxh1 26. Rxh1 Bxe4 27. dxe4 Rxe4+ 28. Kf3 Re8 29. Rh7 f6 30. Ne7+ Kd8 31. Nd5 Be5 32. c3 c6 33. Ne3 Re7 34. Rxe7 Kxe7 35. Ke4 Ke6 36. a4 Bf4 37. Nf5 Be5 38. Ng7+ Kf7 39. Nf5 a6 40. Kd3 b5 41. axb5 axb5 42. b4 Ke6 43. Ng7+ Kd5 44. Ne8 f5 45. gxf5 g4 46. f6 Ke6 47. Ng7+ Kxf6 0-1

[Event "FB22 2324 Delmenhorster SK - SV MÃ¼lhe"]
[Site "?"]
[Date "2024.03.23"]
[Round "6.1"]
[White "Vogel, Heike"]
[Black "Moenster, Madita"]
[Result "0-1"]
[WhiteElo "2110"]
[BlackElo "1989"]
[PlyCount "110"]
[EventDate "2024.??.??"]

1. d4 Nf6 2. Nf3 d5 3. Bf4 c5 4. e3 Nc6 5. c3 Qb6 6. Na3 a6 7. Rb1 Bg4 8. Bd3 e6 9. O-O Be7 10. Re1 O-O 11. h3 Bh5 12. g4 Bg6 13. Bxg6 hxg6 14. Ne5 Rfd8 15. Bg5 Qc7 16. f3 Nxe5 17. dxe5 Ne8 18. Bf4 b5 19. Nc2 Rac8 20. Qe2 Qb6 21. Rbd1 a5 22. g5 b4 23. Rb1 Nc7 24. h4 Qb5 25. Qh2 Rb8 26. cxb4 axb4 27. Kg2 Qd3 28. Kg3 Qb5 29. Rbd1 b3 30. axb3 Qxb3 31. Rd2 Kh7 32. Rh1 Rh8 33. Na1 Qb4 34. b3 Nb5 35. Ra2 d4 36. Rc1 Nc3 37. Ra7 Rb7 38. Rxb7 Qxb7 39. exd4 cxd4 40. Qf2 Rd8 41. Bd2 Nb5 42. b4 Qd5 43. Qe1 d3 44. Rb1 Nd4 45. Qe4 Qa2 46. Rd1 Qa4 47. Rh1 Nf5+ 48. Kf2 Rd4 49. Qe1 Bxb4 50. h5 Bxd2 51. hxg6+ Kxg6 52. Qxd2 Rh4 53. Rxh4 Qxh4+ 54. Kf1 Qh1+ 55. Kf2 Qh2+ 0-1

[Event "FB22 2324 Delmenhorster SK - SV MÃ¼lhe"]
[Site "?"]
[Date "2024.03.23"]
[Round "6.2"]
[White "Kickert, Germaine Helene"]
[Black "Stoer, Agnes"]
[Result "1-0"]
[WhiteElo "1962"]
[BlackElo "1910"]
[PlyCount "65"]
[EventDate "2024.??.??"]

1. e4 e6 2. d4 d5 3. Nd2 Nf6 4. e5 Nfd7 5. f4 c5 6. Ngf3 Nc6 7. Nb3 a6 8. Be2 h6 9. O-O cxd4 10. Nfxd4 Nxd4 11. Nxd4 Bc5 12. Kh1 O-O 13. c3 Qe7 14. Qe1 f6 15. Bg4 Bxd4 16. cxd4 f5 17. Bh5 b5 18. Bd2 g6 19. Bb4 Qg7 20. Bxf8 Nxf8 21. Be2 Qe7 22. Rc1 Bb7 23. Qa5 Rc8 24. Rxc8 Bxc8 25. Rc1 Bd7 26. a3 g5 27. Qxa6 gxf4 28. Bxb5 Bxb5 29. Qxb5 Qg5 30. Qf1 Ng6 31. Rc8+ Kf7 32. Qb5 Qe7 33. Qc6 1-0

[Event "FB22 2324 Delmenhorster SK - SV MÃ¼lhe"]
[Site "?"]
[Date "2024.03.23"]
[Round "6.3"]
[White "Hausrath, Michaela"]
[Black "Moeller, Hannah"]
[Result "1/2-1/2"]
[WhiteElo "1831"]
[BlackElo "1845"]
[PlyCount "43"]
[EventDate "2024.??.??"]

1. d4 Nf6 2. c4 g6 3. Nf3 Bg7 4. Nc3 d5 5. e3 O-O 6. b3 c5 7. cxd5 Nxd5 8. Nxd5 Qxd5 9. Bc4 Qd8 10. O-O Nc6 11. Bb2 cxd4 12. Nxd4 Nxd4 13. Bxd4 Bf5 14. Bxg7 Kxg7 15. Qe2 Qb6 16. Rfd1 Rfd8 17. h3 Be6 18. Bxe6 Qxe6 19. Rxd8 Rxd8 20. Rd1 Rd6 21. Qb2+ f6 22. Rxd6 1/2-1/2

[Event "FB22 2324 Delmenhorster SK - SV MÃ¼lhe"]
[Site "?"]
[Date "2024.03.23"]
[Round "6.4"]
[White "Oellrich, Emma"]
[Black "Cipkis, Swetlana"]
[Result "1/2-1/2"]
[WhiteElo "1666"]
[BlackElo "1796"]
[PlyCount "103"]
[EventDate "2024.??.??"]

1. d4 d5 2. c4 c6 3. Nc3 Nf6 4. e3 e6 5. Nf3 Be7 6. Be2 O-O 7. O-O c5 8. b3 Nc6 9. Bb2 a6 10. Bd3 Nb4 11. Rc1 Nxd3 12. Qxd3 dxc4 13. bxc4 b6 14. Rfd1 Bb7 15. Nd2 Qc7 16. Nb3 Ng4 17. g3 Rad8 18. Qe2 Nf6 19. f3 h6 20. a4 Nh7 21. d5 e5 22. e4 Ng5 23. h4 Nh7 24. Rf1 Qd7 25. Rc2 f5 26. Qh2 Nf6 27. Re2 fxe4 28. Nxe4 Qxa4 29. Ned2 Bd6 30. Bxe5 Bxe5 31. Rxe5 Rfe8 32. Rfe1 Rxe5 33. Rxe5 Re8 34. g4 Qd7 35. Qf4 Qd8 36. Ne4 Nxe4 37. Rxe8+ Qxe8 38. fxe4 Qd8 39. g5 hxg5 40. hxg5 Qf8 41. Qxf8+ Kxf8 42. Kf2 Kf7 43. Kg3 a5 44. Kf4 a4 45. Na1 Ba6 46. Ke5 Ke7 47. d6+ Kd7 48. Kd5 Bb7+ 49. Ke5 Ba6 50. Kd5 Bb7+ 51. Ke5 Ba6 52. Kd5 1/2-1/2